书目信息 |
| 题名: |
小乐队合奏曲选
|
|
| 作者: | 王酩 曲 | |
| 分册: | 一 | |
| 出版信息: | 北京 人民音乐出版社 1983.2 |
|
| 页数: | 31页 | |
| 开本: | 20cm | |
| 丛书名: | ||
| 单 册: | ||
| 中图分类: | J647.61 | |
| 科图分类: | ||
| 主题词: | 音乐--作品--中国 | |
| 电子资源: | ||
| ISBN: | ||
| 000 | 00562nam0 2200193 45 | |
| 001 | 0312221749 | |
| 005 | 20060804111011.25 | |
| 010 | @dCNY0.24 | |
| 100 | @a20031222d1983 km y0chiy0120 ea | |
| 101 | @achi | |
| 200 | 1 | @a小乐队合奏曲选@Axiao yue dui he zou qu xuan@e管弦乐总谱@h一@f王酩等曲@FWang Ming Deng Qu |
| 210 | @a北京@c人民音乐出版社@d1983.2 | |
| 215 | @a31页@d20cm | |
| 517 | 1 | @a管弦乐总谱@Aguan xian yue zong pu |
| 606 | 0 | @a音乐@x作品@x中国 |
| 690 | @aJ647.61@v3 | |
| 701 | 0 | @a王酩@4曲 |
| 801 | @aCN@bTSTCL@c20060804 | |
| 905 | @a213230@dJ647.61@e51:1 | |
| 小乐队合奏曲选:管弦乐总谱.一/王酩等曲.-北京:人民音乐出版社,1983.2 |
| 31页;20cm |
| ISBN :CNY0.24 |
| ● |
| 相关链接 |
|
|
|
|
正题名:小乐队合奏曲选
索取号:J647.61/51:1
 
预约/预借
| 序号 | 登录号 | 条形码 | 馆藏地/架位号 | 状态 | 备注 |
| 1 | 0213336 | 202334198 | 密集书库/ [索取号:J647.61/51:1] | 在馆 | |
| 2 | 0444586 | 204445868 | 密集书库/ [索取号:J647.61/51:1] | 在馆 |